Sales (Record no. 59285)

MARC details
000 -LEADER
fixed length control field 00410nam a22001577a 4500
005 - DATE AND TIME OF LATEST TRANSACTION
control field 20221115142847.0
040 ## - CATALOGING SOURCE
Transcribing agency urs
050 ## - LIBRARY OF CONGRESS CALL NUMBER
Classification number KF 5625.51 S3 B38 2005
100 ## - MAIN ENTRY--PERSONAL NAME
9 (RLIN) 2976
Personal name Baviera, Araceli
Relator term author
245 ## - TITLE STATEMENT
Title Sales
Statement of responsibility, etc Araceli Baviera
336 ## - CONTENT TYPE
Source rdacontent
Content type term text
Content type code txt
337 ## - MEDIA TYPE
Source rdamedia
Media type term unmediated
Media type code n
338 ## - CARRIER TYPE
Source rdacarrier
Carrier type term volume
Carrier type code nc
650 #0 - SUBJECT ADDED ENTRY--TOPICAL TERM
9 (RLIN) 1481
Topical term or geographic name as entry element Sales
Geographic subdivision Philippines
942 ## - ADDED ENTRY ELEMENTS (KOHA)
Source of classification or shelving scheme Library of Congress Classification
Koha item type Filipiniana
Holdings
Withdrawn status Lost status Source of classification or shelving scheme Damaged status Not for loan Home library Current library Shelving location Date acquired Total Checkouts Full call number Barcode Date last seen Price effective from Koha item type
    Library of Congress Classification     Binangonan College Library Binangonan College Library Filipiniana Section 11/15/2022   KF 5625.51 S3 B38 2005 URSBIN-3567 11/15/2022 11/15/2022 Filipiniana

University of Rizal System
Email us at univlibservices@urs.edu.ph

Visit our Website www.urs.edu.ph/library